000 00256nam a22001217a 4500
003 SGT
082 _a340,THI
100 _aTHILAGARAJ,R.
245 _aTRAFFICKING AND HIV
260 _aMADRAS
_bUNIVERSITY OF MADRAS
_c2010
300 _a143
942 _2ddc
_cBK
999 _c11150
_d11150